Bananenrepublik Deutschland: Korruption - der ganz alltägliche Skandal

Guardado en:  
Detalles Bibliográficos
Autor principal: Berg, Wolfhart 1944- (Autor)
Tipo de documento: Print Libro
Lenguaje:Alemán
Publicado: Landsberg am Lech mvg-verl. im Verl. Moderne Industrie 1997
En:Año: 1997
Acceso en línea: Índice
Verificar disponibilidad: HBZ Gateway
Servicio de pedido Subito: Pedir ahora.
Palabras clave:

MARC

LEADER 00000cam a2200000 c 4500
001 223425702
003 DE-627
005 20251129020842.0
007 tu
008 970205s1997 gw ||||| 00| ||ger c
015 |a 97,N06,0256  |2 dnb 
015 |a 97,A20,0390  |2 dnb 
016 7 |a 949538701  |2 DE-101 
020 |a 3478718309  |c  : DM 39.80, sfr 38.80, S 291.00 (Pp.)  |9 3-478-71830-9 
035 |a (DE-627)223425702 
035 |a (DE-576)057020094 
035 |a (DE-599)GBV223425702 
035 |a (OCoLC)263631869 
035 |a (OCoLC)40295252 
035 |a (DE-604)8111820332 
040 |a DE-627  |b ger  |c DE-627  |e rakwb 
041 |a ger 
044 |c XA-DE 
082 0 4 |a 17  |q dnb 
084 |a POL 90  |2 sfb 
084 |a 16  |a 19  |a 17  |a 14  |2 sdnb 
084 |a MD 7200  |2 rvk  |0 (DE-625)rvk/122538: 
084 |a 86.41  |2 bkl 
084 |a 86.35  |2 bkl 
100 1 |8 1\p  |a Berg, Wolfhart  |d 1944-  |0 (DE-588)1043033750  |0 (DE-627)770004407  |0 (DE-576)394394232  |4 aut 
109 |a Berg, Wolfhart 1944-  |a Beleukeu, Bolpeuhaleuteu 1944-  |a Bol peu ha leu teu Be leu keu 1944-  |a Perŭk'ŭ, Polp'ŭharŭt'ŭ 1944-  |a Bolpeuhaleuteu-Beleukeu 1944- 
245 1 0 |a Bananenrepublik Deutschland  |b Korruption - der ganz alltägliche Skandal  |c Wolfhart Berg 
264 1 |a Landsberg am Lech  |b mvg-verl. im Verl. Moderne Industrie  |c 1997 
300 |a 202 S 
336 |a Text  |b txt  |2 rdacontent 
337 |a ohne Hilfsmittel zu benutzen  |b n  |2 rdamedia 
338 |a Band  |b nc  |2 rdacarrier 
583 1 |a Archivierung prüfen  |c 20200919  |f DE-640  |z 2  |2 pdager 
689 0 0 |d g  |0 (DE-588)4011882-4  |0 (DE-627)104704861  |0 (DE-576)208896155  |a Deutschland  |2 gnd 
689 0 1 |d s  |0 (DE-588)4032524-6  |0 (DE-627)104704799  |0 (DE-576)208997288  |a Korruption  |2 gnd 
689 0 |5 DE-101 
856 4 2 |u http://www.gbv.de/dms/ilmenau/toc/223425702.PDF  |m V:DE-601  |m B:DE-ilm1  |q pdf/application  |x Verlag  |y Inhaltsverzeichnis  |3 Inhaltsverzeichnis  |7 1 
883 |8 1\p  |a cgwrk  |d 20241001  |q DE-101  |u https://d-nb.info/provenance/plan#cgwrk 
935 |a mkri 
935 |i Blocktest 
936 r v |a MD 7200  |b Theorie der kollektiven Entscheidung, Mittel der Konfliktregelung, Proporz, Kompromiss, Verhandeln, Konsens  |k Politologie  |k Politische Theorie, Grundbegriffe des Politischen  |k Politische Entscheidungslehre  |k Theorie der kollektiven Entscheidung, Mittel der Konfliktregelung, Proporz, Kompromiss, Verhandeln, Konsens  |0 (DE-627)1271425807  |0 (DE-625)rvk/122538:  |0 (DE-576)201425807 
936 b k |a 86.41  |j Kriminologie  |0 (DE-627)181572001 
936 b k |a 86.35  |j Strafrecht: Besonderer Teil  |0 (DE-627)106416731 
951 |a BO 
ELC |b 1 
LOK |0 000 xxxxxcx a22 zn 4500 
LOK |0 001 3167698748 
LOK |0 003 DE-627 
LOK |0 004 223425702 
LOK |0 005 19970321000000 
LOK |0 008 970204||||||||||||||||ger||||||| 
LOK |0 040   |a DE-Frei85  |c DE-627  |d DE-Frei85 
LOK |0 852   |a DE-Frei85 
LOK |0 852 1  |m p  |9 00 
LOK |0 938   |k p 
LOK |0 939   |a 04-02-97  |b l01 
ORI |a SA-MARC-krimdoka001.raw 
TIM |a 100019901003_100020261231  |b 1990-10-03 - 2026